Memoria y discurso leídos en la apertura del curso de 1885 a 1886 / (Record no. 157170)
[ view plain ]
| 000 -LEADER | |
|---|---|
| campo de control de longitud fija | 00815nam a2200193 i 4500 |
| 001 - NÚMERO DE CONTROL | |
| campo de control | 157170 |
| 003 - IDENTIFICADOR DE NÚMERO DE CONTROL | |
| campo de control | ES-MaACL |
| 005 - FECHA Y HORA DE LA ÚLTIMA TRANSACCIÓN | |
| campo de control | 20230906210615.0 |
| 008 - DATOS DE LONGITUD FIJA--INFORMACIÓN GENERAL | |
| campo de control de longitud fija | 040810s1886 sp |||| | spa d |
| 100 1# - ENTRADA PRINCIPAL--NOMBRE DE PERSONA | |
| Nombre de persona | Lasarte y Gómez, Pedro. |
| 9 (RLIN) | 128716 |
| 245 10 - MENCIÓN DEL TÍTULO | |
| Título | Memoria y discurso leídos en la apertura del curso de 1885 a 1886 / |
| Mención de responsabilidad, etc. | por Pedro Lasarte y Gómez y Francisco Ramírez y Ramírez. |
| 260 ## - PUBLICACIÓN, DISTRIBUCIÓN, ETC. | |
| Lugar de publicación, distribución, etc. | Valencia : |
| Nombre del editor, distribuidor, etc. | [s.n.], |
| Fecha de publicación, distribución, etc. | 1886 ( |
| Fabricante | Imp. de M. Manáut) |
| 300 ## - DESCRIPCIÓN FÍSICA | |
| Extensión | 29 p., [1] h. pleg. ; |
| Dimensiones | 24 cm. |
| 594 ## - Nota al título y mención de responsabilidad | |
| Nota al título y mención de responsabilidad | Precede al tít.: Ateneo Mercantil de Valencia. |
| 610 24 - PUNTO DE ACCESO ADICIONAL DE MATERIA--NOMBRE DE ENTIDAD CORPORATIVA | |
| Nombre de entidad corporativa o nombre de jurisdicción como elemento de entrada | Ateneo Mercantil (Valencia) |
| 9 (RLIN) | 2050 |
| 700 1# - ENTRADA AGREGADA--NOMBRE PERSONAL | |
| Nombre de persona | Ramírez y Ramírez, Francisco. |
| 9 (RLIN) | 131594 |
| 710 2# - ENTRADA AGREGADA--NOMBRE DE ENTIDAD CORPORATIVA | |
| Nombre de entidad corporativa o nombre de jurisdicción como elemento de entrada | Ateneo Mercantil (Valencia) |
| 9 (RLIN) | 2050 |
| 852 ## - LOCALIZACIÓN | |
| Ubicación | ES-MaACL |
| Número de control de estantería | T-437-F-20 |
| Nota libre | - Enc. hol. |
| condición física | - Falto de cub. original |
| Nota libre | - Enc. en un vol. facticio |
| Estatus retirado | Estado de pérdida | Estado de daño | No para préstamo | Colección | Biblioteca de origen | Biblioteca actual | Ubicación en estantería | Fecha de adquisición | Total de préstamos | Signatura topográfica completa | Código de barras | Visto por última vez | Precio de reemplazo | Tipo de ítem Koha |
|---|---|---|---|---|---|---|---|---|---|---|---|---|---|---|
| Colección de folletos | Biblioteca del Ateneo de Madrid | Biblioteca del Ateneo de Madrid | Depósito folletos | 17/01/2008 | T-437-F-20 | 1164447 | 23/02/2023 | 23/02/2023 | Folleto |
